Т. 14 : Химия и технология ацеталей, ортоэфиров и их гетероаналогов. Реакции расщепления ацеталей и их гетероаналогов элементоорганическими соединениями; Технология органических веществ

Մատենագիտական մանրամասներ
Parent link:Технология органических веществ/ Академия наук СССР (АН СССР); Всесоюзный институт научной и технической информации. Т. 14 : Химия и технология ацеталей, ортоэфиров и их гетероаналогов. Реакции расщепления ацеталей и их гетероаналогов элементоорганическими соединениями.— , 1968-1988.— 0202-8042
Այլ հեղինակներ: Бондарь В. В.
Լեզու:ռուսերեն
Հրապարակվել է: 1987
Խորագրեր:
Ձևաչափ: Գիրք
KOHA link:https://koha.lib.tpu.ru/cgi-bin/koha/opac-detail.pl?biblionumber=273389

MARC

LEADER 00000nam2a2200000 4500
001 273389
005 20231101234626.0
035 |a (RuTPU)RU\TPU\book\296598 
035 |a RU\TPU\book\103425 
090 |a 273389 
100 |a 20141025d1987 k y0rusy50 ca 
101 0 |a rus 
102 |a RU 
105 |a a z 001zy 
200 0 |a Т. 14 : Химия и технология ацеталей, ортоэфиров и их гетероаналогов. Реакции расщепления ацеталей и их гетероаналогов элементоорганическими соединениями  |f гл. ред. В. В. Бондарь 
210 |d 1987 
215 |a 185 с.  |c ил. 
320 |a Библиография в конце глав 
461 1 |0 (RuTPU)RU\TPU\book\134793  |x 0202-8042  |t Технология органических веществ  |f Академия наук СССР (АН СССР); Всесоюзный институт научной и технической информации  |v Т. 14 : Химия и технология ацеталей, ортоэфиров и их гетероаналогов. Реакции расщепления ацеталей и их гетероаналогов элементоорганическими соединениями  |d 1968-1988  |s Технология органических веществ 
606 1 |a Органические вещества  |x Химическая технология  |2 stltpush  |3 (RuTPU)RU\TPU\subj\73441  |9 86442 
610 1 |a ацетали 
610 1 |a ортоэфиры 
610 1 |a элементоорганические соединения 
610 1 |a гетероаналоги 
610 1 |a расщепление 
610 1 |a взаимодействия 
610 1 |a реакции 
675 |a 661.7  |v 4 
702 1 |a Бондарь  |b В. В.  |4 651 
801 1 |a RU  |b 63413507  |c 20060516  |g PSBO 
801 2 |a RU  |b 63413507  |c 20170126  |g PSBO 
942 |c BK